000 00394nam a2200145Ia 4500
005 20250508151638.0
008 008 250505s9999 xx 000 0 eng d
037 _aTextual
040 _aFEDL
_beng
_cFEDL
041 _aeng
_2eng
084 _a423, PIC
_qFEDL
245 0 _aMy picture dictionary a picture with every word
942 _cTEXL
_h423, PIC
999 _c1331129
_d1331129